000 00276nam a2200097Ia 4500
001 647115
005 20250826153656.0
008 250824s9999 xx 000 0 und d
245 0 _aŞİRİN İŞ BAŞINDA 3 BAŞKAN OLMAK KOLAY MI?
_cBİRSEN EKİM ÖZEN
260 _bTİMAŞ ÇOCUK
999 _c647115
_d647115